| 000 | 00912cab a2200229 4500 | ||
|---|---|---|---|
| 001 | ABS38288 | ||
| 008 | 090401t1987 xxu||||| |||| 00| 0 eng d | ||
| 035 | _a(Sirsi) u9791 | ||
| 041 | _aeng | ||
| 100 | _aCooper, P.J. | ||
| 245 | _aValuations for leasehold enfranchisement | ||
| 260 | _c1987 | ||
| 350 | _a0 | ||
| 490 |
_aLaw Society`s Gazette _v84(36) 7 October 1987, 2831-2832(2) |
||
| 520 | _aGives guidance on carrying out valuation s for leasehold enfranchisement within the provisions of the Leasehold Reform Act 1967 and the Housing Act 1974 . Explains how to calculate the enfranchisement price which, in the case of "lower value houses" takes into account the modern ground rent . Illustrates with case law. | ||
| 650 | _aDETERMINATION OF PRICE | ||
| 650 | _aMARRIAGE VALUES | ||
| 690 | _aLANDLORD AND TENANT-LEASEHOLD REFORM | ||
| 700 | _aGronow, S.A. | ||
| 942 | _n0 | ||
| 948 | _c04/03/1997 | ||
| 999 |
_c6156 _d6156 |
||